Statistiques concernant Communes françaises en Épinay

Cliquez ici pour prendre le quiz!

Statistiques générales

  • Ce quiz a été pris 31 fois
  • Le résultat moyen est 3 sur 6

Statistiques - réponses

DépartementPopulationRéponse% Correct
Seine-Saint-Denis54 611Épinay-sur-Seine
100%
Essonne11 184Épinay-sur-Orge
82%
Essonne12 266Épinay-sous-Sénart
64%
Val-d'Oise70Épinay-Champlâtreux
21%
Seine-Maritime509Épinay-sur-Duclair
4%
Calvados621Épinay-sur-Odon
4%

Distribution des résultats

Percentile par nombre de réponses

% des personnes avec chaque résultat

Votre développement - résultats

Vous n’avez pas pris ce quiz